000 00728nam a2200217 a 4500
001 000009307
005 20240412074210.0
008 090929s1983 dr r 000 p spa d
040 _aDO-SdBNP
_bspa
_cBNPHU
082 _aRD861.44
_bM671h
100 1 _aMir, Pedro,
_d1913-2000
_97245
245 1 3 _aEl huracán Neruda :
_belegía con una canción desesperada /
_cPedro Mir.
260 _aSanto Domingo :
_bUASD,
_c1983.
300 _a13 p. ;
_c21 cm.
590 _aInventariado, 2018/BT
600 1 4 _aNERUDA, PABLO,
_d1904-1973
_xPOESÍA
_924037
650 0 _aPoesía dominicana
_966
650 0 _aLiteratura dominicana.
_967
710 1 _aUniversidad Autónoma de Santo Domingo
_972951
910 _aValidado. Control de calidad. MFF
999 _c9068
_d9068